书目信息 |
| 题名: |
治安管理工作实施手册
|
|
| 作者: | ||
| 分册: | ||
| 出版信息: | 北京 警官教育出版社 1993 |
|
| 页数: | 442页 | |
| 开本: | 20cm | |
| 丛书名: | ||
| 单 册: | ||
| 中图分类: | D631.4 | |
| 科图分类: | ||
| 主题词: | 政治--中国 | |
| 电子资源: | ||
| ISBN: | 7-81027-232-2 | |
| 000 | 00489nam0 2200181 450 | |
| 001 | 0752617883 | |
| 005 | 20070721151021.45 | |
| 010 | @a7-81027-232-2@dCNY7.80 | |
| 100 | @a20070719d1993 km y0chiy0120 ea | |
| 101 | 0 | @achi |
| 102 | @aCN@b110000 | |
| 200 | 1 | @a治安管理工作实施手册@Azhi an guan li gong zuo shi shi shou ce |
| 210 | @a北京@c警官教育出版社@d1993 | |
| 215 | @a442页@d20cm | |
| 606 | 0 | @a政治@x中国 |
| 690 | @aD631.4@v3 | |
| 801 | 0 | @aCN@bPFT@c20070721 |
| 905 | @a10447@dD631.4@e115 | |
| 治安管理工作实施手册.-北京:警官教育出版社,1993 |
| 442页;20cm |
| ISBN 7-81027-232-2:CNY7.80 |
| ● |
| 相关链接 |
|
|
|
|
正题名:治安管理工作实施手册
索取号:D631.4/115
 
预约/预借
| 序号 | 登录号 | 条形码 | 馆藏地/架位号 | 状态 | 备注 |
| 1 | 0767457 | 207674578 | 第一样本阅览室/ [索取号:D631.4/115] | 在馆 |